000 00509nam a2200157 i 4500
001 97039
003 ES-MaACL
005 20230906182027.0
007 t|
008 050705s1965 sp ||||1| spa d
245 0 0 _aManual de legislación sobre el comercio exterior /
_ccompilación e índices por materias y alfabético realizado por José Luis Cuesta.
260 _aBilbao :
_bDeusto,
_c1965.
300 _a686 p. ;
_c17 cm.
700 1 _aCuesta, José Luis.
_942038
852 _aES-MaACL
_jC-27052
_bR.55949
999 _c97039
_d97039